Annual review of plant physiology. V 24 (Record no. 44924)

MARC details
000 -LEADER
fixed length control field 00902nam a2200349Ia 4500
082 ## - DEWEY DECIMAL CLASSIFICATION NUMBER
Classification number 581.1
Item number ANN.24
245 #0 - TITLE STATEMENT
Title Annual review of plant physiology. V 24
260 ## - PUBLICATION, DISTRIBUTION, ETC. (IMPRINT)
Place of publication California
Name of publisher Annual Reviews Inc
Year of publication 1973
650 ## - SUBJECT ADDED ENTRY--TOPICAL TERM
Topical Term Biochemical genetics
650 ## - SUBJECT ADDED ENTRY--TOPICAL TERM
Topical Term Bioenergetics
650 ## - SUBJECT ADDED ENTRY--TOPICAL TERM
Topical Term Chilling injury
650 ## - SUBJECT ADDED ENTRY--TOPICAL TERM
Topical Term Cytokinin
650 ## - SUBJECT ADDED ENTRY--TOPICAL TERM
Topical Term Development
650 ## - SUBJECT ADDED ENTRY--TOPICAL TERM
Topical Term Dormancy
650 ## - SUBJECT ADDED ENTRY--TOPICAL TERM
Topical Term Environmental physiology
650 ## - SUBJECT ADDED ENTRY--TOPICAL TERM
Topical Term Gibberellin
650 ## - SUBJECT ADDED ENTRY--TOPICAL TERM
Topical Term Hormone
650 ## - SUBJECT ADDED ENTRY--TOPICAL TERM
Topical Term Lipid
650 ## - SUBJECT ADDED ENTRY--TOPICAL TERM
Topical Term Metabolism
650 ## - SUBJECT ADDED ENTRY--TOPICAL TERM
Topical Term Nutrition
650 ## - SUBJECT ADDED ENTRY--TOPICAL TERM
Topical Term Oxime
650 ## - SUBJECT ADDED ENTRY--TOPICAL TERM
Topical Term Phosphate pool
650 ## - SUBJECT ADDED ENTRY--TOPICAL TERM
Topical Term Photophosphorylation
650 ## - SUBJECT ADDED ENTRY--TOPICAL TERM
Topical Term Plant physiology
650 ## - SUBJECT ADDED ENTRY--TOPICAL TERM
Topical Term Post harvest physiology
650 ## - SUBJECT ADDED ENTRY--TOPICAL TERM
Topical Term Protein biosynthesis
650 ## - SUBJECT ADDED ENTRY--TOPICAL TERM
Topical Term Senescence
650 ## - SUBJECT ADDED ENTRY--TOPICAL TERM
Topical Term Water stress
700 ## - ADDED ENTRY--PERSONAL NAME
Personal name BRIGGS, Winslow R
942 ## - ADDED ENTRY ELEMENTS (KOHA)
Koha item type Books
Holdings
Withdrawn status Lost status Damaged status Not for loan Collection code Home library Current library Date acquired Full call number Accession Number Koha item type
        Journal register RRII Library RRII Library 16/12/2021 581.1 ANN.24 J03071 Books